Propuesta de indicadores para la Biblioteca de la Universidad Nacional de Ingeniería a través de un modelo estadístico aplicado en SPSS
Presenta una propuesta de indicadores para la Biblioteca de la Universidad Nacional de Ingeniería a través de un modelo estadístico aplicado en SPSS con el objetivo de la recopilación de la información necesaria para la generación de indicadores.
| Main Author: | |
|---|---|
| Other Authors: | |
| Format: | Tesis Section = Libro |
| Language: | Undetermined Spanish |
| Published: |
Managua
UNI
2010
|
| Subjects: |
| LEADER | 01040nam a2200229Ia 4500 | ||
|---|---|---|---|
| 008 | 240830s9999 xx 000 0 und d | ||
| 040 | |a BIBLIOTECA-RUPAP T.Mon 005.369 D259 | ||
| 041 | |a spa | ||
| 082 | |a T.Mon 005.369 D259 | ||
| 100 | 1 | |a Dávila Espinoza, Wilmer Jeovanny | |
| 245 | 1 | 0 | |a Propuesta de indicadores para la Biblioteca de la Universidad Nacional de Ingeniería a través de un modelo estadístico aplicado en SPSS |
| 260 | |a Managua |b UNI |c 2010 | ||
| 300 | |a 71 p. :il. | ||
| 502 | |a Tesis (Ingeniero de Sistemas)- UNI, 2010. | ||
| 520 | 3 | |a Presenta una propuesta de indicadores para la Biblioteca de la Universidad Nacional de Ingeniería a través de un modelo estadístico aplicado en SPSS con el objetivo de la recopilación de la información necesaria para la generación de indicadores. | |
| 650 | 7 | |a PROGRAMAS - SPSS - ESTADÍSTICA | |
| 650 | 7 | |b ARCHIVOS DE DATOS | |
| 650 | 7 | |c INDICADORES DE BIBLIOTECA | |
| 700 | 1 | |a Tutor: |b Machado Bello, Xiomara Argentina | |
| 942 | |c BK |2 ddc | ||
| 991 | |a TESIS | ||
| 999 | |c 17999 | ||